Introduction to manufacturing: An industial engineering and management perspective (Record no. 1237909)

MARC details
000 -LEADER
fixed length control field 00839nam a2200253Ia 4500
005 - DATE AND TIME OF LATEST TRANSACTION
control field 20250117103625.0
008 - FIXED-LENGTH DATA ELEMENTS--GENERAL INFORMATION
fixed length control field 008 250103s9999 xx 000 0 eng d
020 ## - INTERNATIONAL STANDARD BOOK NUMBER
International Standard Book Number 9780815363194
037 ## - SOURCE OF ACQUISITION
Stock number Textual
040 ## - CATALOGING SOURCE
Original cataloging agency CSL
Language of cataloging eng
Transcribing agency CSL
041 ## - LANGUAGE CODE
Language code of text/sound track or separate title eng
Source of code eng
084 ## - COLON CLASSIFICATION NUMBER
Classification number B2T0bX:8 R3
Assigning agency CSL
100 ## - MAIN ENTRY--PERSONAL NAME
Personal name Baudin, Michel
9 (RLIN) 731991
245 #0 - TITLE STATEMENT
Title Introduction to manufacturing: An industial engineering and management perspective
Statement of responsibility, etc. Baudin, Michel; Netland, Torbjorn
260 ## - PUBLICATION, DISTRIBUTION, ETC.
Place of publication, distribution, etc. New York
Name of publisher, distributor, etc. Routledge
Date of publication, distribution, etc. 2023
300 ## - PHYSICAL DESCRIPTION
Extent xvii, 781p. ill.
650 ## - SUBJECT ADDED ENTRY--TOPICAL TERM
Topical term or geographic name entry element Enhancing performance
9 (RLIN) 734284
650 ## - SUBJECT ADDED ENTRY--TOPICAL TERM
Topical term or geographic name entry element Human engineering
9 (RLIN) 734285
650 ## - SUBJECT ADDED ENTRY--TOPICAL TERM
Topical term or geographic name entry element Making information flow
9 (RLIN) 734286
650 ## - SUBJECT ADDED ENTRY--TOPICAL TERM
Topical term or geographic name entry element Operational Research
700 ## - ADDED ENTRY--PERSONAL NAME
Personal name Netland, Torbjorn
9 (RLIN) 731993
942 ## - ADDED ENTRY ELEMENTS (KOHA)
Koha item type Textual
Classification part B2T0bX:8 R3
Holdings
Withdrawn status Lost status Damaged status Not for loan Home library Current library Date acquired Source of acquisition Inventory number Total Checkouts Full call number Barcode Date last seen Price effective from Koha item type
        Central Science Library Central Science Library 2025-01-17 Classic Book Service 288, 30/01/2024   B2T0bX:8 R3 SL1655859 2025-01-17 2025-01-17 Textual
Copyright @ Delhi University Library System